Syndromes neurologiques - Statistiques

Statistiques générales
  • Ce quiz a été pris 52 fois
  • Le résultat moyen est 2 sur 17
Statistiques - réponses
Syndrome neurologique Indice % Correct
Méningé On se les creuses quand on réflechit
70%
Cérébelleux Cervelet
34%
Pyramidal Toutes les plégies
21%
Asperger Sans déficience intellectuelle
17%
Extra-Pyramidal Proche de Parkinson
15%
Guillain-Barré Paralysie du au système nerveux périphérique
11%
Vestibulaire Traumatisme crânien
9%
Balint Apraxie et Ataxie optique
6%
Claude-Bernard Horner Lésion de l'innervation de l'oeil
6%
Queue de cheval Plus aucun réflexes
4%
Wallenberg Provoque des lésions
4%
Williams Malformation cardiaque, et faciès anormal
4%
Confusionnel Conscience
2%
Morton Lorsque le pied donne des douleurs au crane
2%
Kluver-Bucy Provoque une agnosie visuelle
0%
Moelle attachée Détérioration neurologique progressive
0%
Sanfilippo Troubles psychomoteurs
0%
Aucun quiz correspondant
Distribution des résultats
% des personnes avec chaque résultat
Percentile par nombre de réponses
Votre historique - résultats
Vous n’avez pas pris ce quiz